Sąsiedzi Polski w 15 sekund - Statystyki

Ogólne statystyki
  • Ten quiz został rozwiązany 53 razy
  • Średni wynik to 6 z 7
Statystyki odpowiedzi
Co to? Odpowiedź % Poprawnych
Kraj Niemcy
97%
Kraj Czechy
94%
Kraj Słowacja
85%
Kraj Rosja
82%
Kraj Ukraina
82%
Kraj Białoruś
76%
Kraj Litwa
76%
Nie znaleziono quizów pasujących do podanych kryteriów
Rozkład punktacji
Procent ludzi z każdym wynikiem
Percentyl według liczby udzielonych odpowiedzi
Twoja historia wyników
Nie rozwiązałeś tego quizu